| 000 | 00512nam a22001932 4500 | ||
|---|---|---|---|
| 001 | 0000005490 | ||
| 005 | 20151217160104.0 | ||
| 008 | 070615s xx 000 0 eng d | ||
| 040 |
_aKABU _cKABU |
||
| 050 | 0 |
_aPZ7 _b.A2D78 |
|
| 100 | 1 |
_aAchebe, Chinua. _@0000062831 |
|
| 245 | 1 | 4 | _aThe Drum. |
| 260 |
_aNairobi : _bEAEP, _c1987. |
||
| 300 | _a35 p. | ||
| 908 | _a070615 | ||
| 950 | _@1 | ||
| 999 |
_c14058 _d14058 |
||